Fast Typing - Moving Words - Statistics

General Stats
  • This quiz has been taken 2,681 times
  • The average score is 8 of 12
Answer Stats
Answer % Correct
Breakfast
97%
Twitch
94%
Misspell
77%
Kernel
72%
Kyrgyzstan
68%
Gobbledegook
60%
Logorrhea
60%
Pronunciation
57%
Bellwether
55%
Daiquiri
53%
Accommodate
50%
Chiaroscurist
27%
No matching quizzes found
Score Distribution
Percent of People with Each Score
Percentile by Number Answered
Your Score History
You have not taken this quiz